[Event "TUR-chT 2nd League"]
[Site "Denizli"]
[Date "2023.07.14"]
[Round "8.134"]
[White "Boz, Omer Ege"]
[Black "Cetindag, Alper"]
[Result "1-0"]
[WhiteElo "1526"]
[BlackElo "1439"]
[PlyCount "103"]
[EventDate "2023.07.09"]
[EventType "team-swiss"]
[EventRounds "9"]
[EventCountry "TUR"]
[SourceTitle "CBM 215 Extra"]
[Source "ChessBase"]
[SourceDate "2023.09.30"]
[SourceVersion "1"]
[SourceVersionDate "2023.09.30"]
[SourceQuality "1"]
[WhiteTeam "Denizli Gelisim"]
[BlackTeam "Cigli Batubey"]
[WhiteTeamCountry "TUR"]
[BlackTeamCountry "TUR"]

1. e4 c5 2. Nf3 d6 3. d4 cxd4 4. Nxd4 Nf6 5. Nc3 a6 6. Bc4 b5 7. Bb3 b4 8. Nd5 Nxe4 9. 0-0 e6 10. Re1 Nc5 11. Bc4 Bb7 12. Qh5 g6 13. Qg4 Bxd5 14. Bxd5 Ra7 15. Nc6 Nxc6 16. Bxc6+ Rd7 17. Be3 Qc7 18. Qf3 Be7 19. Bxd7+ Qxd7 20. Bxc5 dxc5 21. Rad1 Qc8 22. a3 0-0 23. axb4 cxb4 24. Re2 Rd8 25. Rxd8+ Qxd8 26. g3 Bf6 27. b3 Qd1+ 28. Kg2 Kg7 29. Qd3 Qxd3 30. cxd3 a5 31. Ra2 a4 32. Rxa4 Bc3 33. Kf3 e5 34. Ke4 h5 35. Kd5 Kf6 36. Kc4 Be1 37. f3 g5 38. Rxb4 g4 39. Rb6+ Kg5 40. fxg4 hxg4 41. Kd5 Bc3 42. Rc6 Bb2 43. b4 f5 44. b5 Bd4 45. b6 Bg1 46. b7 Bxh2 47. b8Q Bxg3 48. Qg8+ Kf4 49. Rc4+ Kf3 50. Qg5 Bf4 51. Qxf5 g3 52. Qe4+ 1-0

[Event "TUR-chT 2nd League"]
[Site "Denizli"]
[Date "2023.07.13"]
[Round "7.156"]
[White "Boz, Omer Ege"]
[Black "Ekin, Sultan Ferhat"]
[Result "1-0"]
[WhiteElo "1526"]
[BlackElo "1423"]
[PlyCount "49"]
[EventDate "2023.07.09"]
[EventType "team-swiss"]
[EventRounds "9"]
[EventCountry "TUR"]
[SourceTitle "CBM 215 Extra"]
[Source "ChessBase"]
[SourceDate "2023.09.30"]
[SourceVersion "1"]
[SourceVersionDate "2023.09.30"]
[SourceQuality "1"]
[WhiteTeam "Denizli Gelisim"]
[BlackTeam "Altin Hamle Corum"]
[WhiteTeamCountry "TUR"]
[BlackTeamCountry "TUR"]

1. e4 c6 2. d4 d5 3. e5 Bf5 4. h4 h5 5. Bd3 Bxd3 6. Qxd3 e6 7. Bg5 Qb6 8. Nd2 c5 9. c4 Qa6 10. Ngf3 Nc6 11. 0-0 cxd4 12. a3 Nge7 13. b4 dxc4 14. Nxc4 Nf5 15. Rfb1 b5 16. Na5 Be7 17. Bxe7 Ncxe7 18. Nxd4 Nxd4 19. Qxd4 0-0 20. Qd6 Qxd6 21. exd6 Nd5 22. Nc6 Nb6 23. Rd1 Nd5 24. Ne7+ Kh7 25. Rac1 1-0

[Event "TUR-chT 2nd League"]
[Site "Denizli"]
[Date "2023.07.12"]
[Round "5.166"]
[White "Boz, Omer Ege"]
[Black "Akbaba, Cinar"]
[Result "1-0"]
[WhiteElo "1526"]
[BlackElo "1184"]
[PlyCount "55"]
[EventDate "2023.07.09"]
[EventType "team-swiss"]
[EventRounds "9"]
[EventCountry "TUR"]
[SourceTitle "CBM 215 Extra"]
[Source "ChessBase"]
[SourceDate "2023.09.30"]
[SourceVersion "1"]
[SourceVersionDate "2023.09.30"]
[SourceQuality "1"]
[WhiteTeam "Denizli Gelisim"]
[BlackTeam "Marmara Universitesi"]
[WhiteTeamCountry "TUR"]
[BlackTeamCountry "TUR"]

1. e4 c5 2. d4 cxd4 3. c3 d5 4. Qxd4 dxe4 5. Qxd8+ Kxd8 6. Bc4 e6 7. Ne2 Nf6 8. Bg5 Nbd7 9. Nd2 h6 10. Bxf6+ Nxf6 11. Ng3 e3 12. fxe3 Bc5 13. Ke2 Ke7 14. Nde4 Nxe4 15. Nxe4 Bb6 16. Rhf1 Bd7 17. Rf2 Bc6 18. Nd2 Rad8 19. Raf1 f5 20. Nf3 Bxf3+ 21. Rxf3 Rd6 22. Bd3 Rhd8 23. e4 e5 24. Rg3 f4 25. Rxg7+ Kf6 26. Rg3 Ke7 27. Rh3 Be3 28. Rd1 1-0

[Event "TUR-ch U13/18 Girls"]
[Site "Antalya"]
[Date "2023.01.23"]
[Round "2"]
[White "Boz, Omer Ege"]
[Black "Ince, Taylan Ruzgar"]
[Result "0-1"]
[WhiteElo "1577"]
[BlackElo "2267"]
[PlyCount "62"]
[EventDate "2023.01.17"]
[EventType "swiss"]
[EventRounds "9"]
[EventCountry "TUR"]
[SourceTitle "EXT 2024"]
[Source "ChessBase"]
[SourceDate "2023.10.10"]
[SourceVersion "1"]
[SourceVersionDate "2023.10.10"]
[SourceQuality "1"]

1. e4 c5 2. Nf3 Nc6 3. c3 Nf6 4. Bd3 g6 5. h3 Bg7 6. 0-0 0-0 7. Bc2 e5 8. Qe2 d5 9. d3 h6 10. exd5 Nxd5 11. Na3 Re8 12. Be3 Nd4 13. Qd1 Nxc2 14. Qxc2 Bf5 15. Rfd1 Qc7 16. Nh4 Be6 17. Nf3 f5 18. Nb5 Qc6 19. a4 a6 20. Na3 Nxe3 21. fxe3 Bd5 22. Rf1 e4 23. dxe4 Rxe4 24. c4 Bf7 25. Rfe1 Rae8 26. Kf2 g5 27. Nd2 Rxe3 28. Qxf5 Bd4 29. Kf1 Bg6 30. Qd5+ Qxd5 31. cxd5 Bd3+ 0-1